00584nam a2200157 a 450000100100000000500170001000800410002704000250006810000290009324500920012226000530021430000280026704900090029595201050030499900170040900002670120200930030349.0110324s1974 dr a 000 0 spa d aDO-SdBNPbspacBNPHU1 aLizandro, Luis A.95381410aQuímica inorgánica :btercero del bachiller, ( 5to. básico ) /cLuis A. Lizandro. aSanto Domingo :beditora Amigo del Hogar,c1974. a243 P. :bil. ;c22 cm. aBNPD 0010718PDaPDbPDcCTd2011-03-24iLF1l0o p26701-10r2020-06-25w2020-06-25yLFPDZNo se presta c26193d26193